| 000 | 00632nam a22002417a 4500 | ||
|---|---|---|---|
| 005 | 20160113193553.0 | ||
| 008 | 160113b xxu||||| |||| 00| 0 spa d | ||
| 041 | _aEspañol | ||
| 082 |
_a005.756 _bCh483m |
||
| 100 |
_aCharte Ojeda, Francisco _9906 |
||
| 245 | _aManual imprescindible access 2013 | ||
| 260 |
_aEspaña _bAnaya _c2013 |
||
| 300 | _a400 páginas | ||
| 650 |
_aBASES DE DATOS _9907 |
||
| 650 |
_aACCESS 2013 _9908 |
||
| 650 |
_aPLANTILLAS _9378 |
||
| 650 |
_aTABLAS _9909 |
||
| 650 |
_aBASES DE DATOS _9907 |
||
| 650 |
_aFORMULARIOS _9910 |
||
| 650 |
_aSQL _9911 |
||
| 650 |
_aDATOS EXTERNOS _9912 |
||
| 942 | _cBK | ||
| 999 |
_c7368 _d7368 |
||